| 000 | 01051nac a22004090a 4500 | ||
|---|---|---|---|
| 001 | PT54325 | ||
| 003 | AR-LpoUNG | ||
| 005 | 20210201005528.0 | ||
| 008 | 201001s1994||||sp |||||||||||||||||spa d | ||
| 020 |
_a8475839126 _c$28 |
||
| 040 |
_aAR-LpoUNG _bspa _eaacr |
||
| 041 | _aspa | ||
| 044 | _asp | ||
| 082 | 0 | _aR909 794afr-v1 | |
| 100 | 1 | _aMurray, Jocelyn | |
| 245 | 1 | 0 |
_aÁfrica : _bel despertar de un continente |
| 260 |
_aBarcelona : _bFolio, _c[1994]. |
||
| 300 |
_a106 p. : _bil., mapas, gráfs., fot. _3Impreso |
||
| 490 | 0 | _aAtlas culturales del mundo | |
| 650 | 4 | _aANALISIS HISTORICO | |
| 650 | 4 | _aASPECTOS GEOGRAFICOS | |
| 650 | 4 | _aATLAS | |
| 650 | 4 | _aCIVILIZACION | |
| 650 | 4 | _aCLIMA | |
| 650 | 4 | _aCULTURA | |
| 650 | 4 | _aFACTORES CULTURALES | |
| 650 | 4 | _aGEOGRAFIA FISICA | |
| 650 | 4 | _aGEOGRAFIA HUMANA | |
| 650 | 4 | _aGEOGRAFIA POLITICA | |
| 650 | 4 | _aHISTORIA | |
| 650 | 4 | _aMATERIAL DE REFERENCIA | |
| 650 | 4 | _aRELIGION | |
| 650 | 4 | _aURBANIZACION | |
| 651 | 4 | _aMundial | |
| 905 | _a54325 | ||
| 942 | _cLSALA | ||
| 999 |
_c50068 _d50068 |
||